000 00597nam a2200241Ia 4500
005 20250425162446.0
008 250425s9999 xx 000 0 und d
020 _a9029197813
041 _aeng
082 _a658.4012
100 _aMAKRIDAKIS, SPYROS G.
245 0 _aFORECASTING, PLANNING, AND STRATEGY FOR THE 21ST CENTURY
250 _a1ST ED.
260 _aEstados Unidos
_bTHE FREE PRESS
_c1990
260 _aNEW YORK
300 _a291
650 _aDESARROLLO
650 _aESTRATEGIAS
650 _aLIDERAZGO
710 _aTHE FREE PRESS
942 _c01
010 _a75568
999 _c229666
_d229666